Préfectures de France : Guéret - Statistiques

Statistiques générales
  • Ce quiz a été pris 28 fois
  • Le résultat moyen est 12 sur 26
Statistiques - réponses
Question Réponse % Correct
Quel numéro porte celui-ci ? 23
100%
De quel département est-ce la préfecture ? Creuse
100%
La ville appartient à l'académie de Limoges
96%
La ville appartient au diocèse de/d' Limoges
96%
A quelle région administrative appartient la ville depuis 2015 ? Nouvelle Aquitaine
92%
Comment se nomment ses habitants ? Guérétois | Guérétoises
88%
A quelle région administrative appartenait auparavant la ville ? Limousin
88%
Quelle sous-préfecture en dépend ? Aubusson
71%
Les journaux locaux sont La {Montagne}
63%
La couleur de fond de son blason est le/l' bleu
58%
Les communes limitrophes sont Sainte-Feyre
58%
La couleur de fond de son blason est le/l' vert
50%
Les communes limitrophes sont Saint-Sulpice
33%
La ville a été la capitale du comté de la {Marche}
25%
Les journaux locaux sont Le {Populaire} du Centre
25%
Les communes limitrophes sont Saint-Fiel
25%
La ville est située entre la Creuse et la Gartempe
21%
Les communes limitrophes sont Saint-Léger
21%
Les communes limitrophes sont La Chapelle-Taillefert
13%
L'aéroport se trouve à Lépaud
13%
Les communes limitrophes sont Savennes
13%
La ville est traversée par la {Naute}
8%
Les journaux locaux sont L'{Echo}
8%
Ville européenne jumelée avec la ville (1 possible) Stein
8%
La principale église est dédiée à St {Pierre} et St {Paul}
8%
La principale gare a été mise en service en 1864
4%
Aucun quiz correspondant
Distribution des résultats
% des personnes avec chaque résultat
Percentile par nombre de réponses
Votre historique - résultats
Vous n’avez pas pris ce quiz